000 00511cam a22001691 4500
082 _a956.94
_bDUF
_cD
100 1 _aDuff, Douglas V.
_949958
245 1 0 _aPalestine picture,
_cby Douglas Duff.
260 _aLondon,
_bHodder & Stoughton,
_c1936.
300 _a3 p. l., 3-318 p.
_bfront. (map)
_c23 cm.
526 _a0
_b0
_c0
_d956_940000000000000_DUF
650 0 _aJews
_xRestoration.
_949959
650 0 _aJews
_zPalestine.
_949960
650 0 _aMCE
_9379
650 0 _aPalestinian Arabs.
_927196
942 _2ddc
_cBK
999 _c552702
_d552702